| 000 -LEADER |
| fixed length control field |
01208pab a2200181 454500 |
| 008 - FIXED-LENGTH DATA ELEMENTS--GENERAL INFORMATION |
| fixed length control field |
180718b2009 xxu||||| |||| 00| 0 eng d |
| 100 ## - MAIN ENTRY--PERSONAL NAME |
| Personal name |
Mokta, Mamta |
| 245 ## - TITLE STATEMENT |
| Title |
The right to information act 2005 as a potent weapon in the hands of citizens: Present status and issues |
| 260 ## - PUBLICATION, DISTRIBUTION, ETC. |
| Date of publication, distribution, etc. |
2009 |
| 300 ## - PHYSICAL DESCRIPTION |
| Extent |
p.594-608. |
| 362 ## - DATES OF PUBLICATION AND/OR SEQUENTIAL DESIGNATION |
| Dates of publication and/or sequential designation |
Jul-Sep |
| 520 ## - SUMMARY, ETC. |
| Summary, etc. |
The RTI Act, 2005 has been a landmark legislation with a necessary ingredient for bringing accountability and efficiency in the governance. This article discusses the international and Indian scenarios, in which the right to information has progressed. The salient features of the RTI Act have also been detailed. The working of the Act in the last four years of its enactment has also been analysed with special reference to the present position of the Central Information Commission and State Information Commissions. The different fee structures at the Central level and the state level have also been discussed. The article ends with some suggestions to make the RTI more effective. - Reproduced. |
| 650 ## - SUBJECT ADDED ENTRY--TOPICAL TERM |
| Topical term or geographic name entry element |
Right to information |
| 700 ## - ADDED ENTRY--PERSONAL NAME |
| Personal name |
Jyoti, Vivek |
| 773 ## - HOST ITEM ENTRY |
| Main entry heading |
Indian Journal of Public Administration |
| 908 ## - PUT COMMAND PARAMETER (RLIN) |
| Put command parameter |
N |
| 909 ## - |
| -- |
84949 |